000 01293nam a22003857a 4500
003 CHAP
005 20220817044420.0
008 110121s2010 it a rn 00010 fre d
010 _a100322
011 _a101294
020 _a9789252060062
035 _a111981
040 _cCHAP
082 0 4 _a639.2
_bF3f v.511
110 2 _aFAO
245 1 0 _aPurification des coquillages bivalves :
_baspects fondamentaux et pratiques
_c/por Ronald Lee, Alessandro Lovatelli y Lahsen Ababouch
260 _aRome :
_bFAO,
_c2010
300 _axviii, 155 p. :
_bilus., cuadros
490 0 _aDocumento técnico de pesca
_v; 511
590 _aBATCH-UPD
_b10
_c20130110
_lUCH01
_h1341
590 _aBATCH-UPD
_b10
_c20130410
_lUCH01
_h0842
590 _aBATCH-UPD
_b10
_c20130914
_lUCH01
_h1216
590 _aCONVERSION
_b10
_c20130109
_lUCH01
_h1355
650 1 4 _aMoluscos.
_977447
650 1 4 _aRecursos marinos
_xContaminación.
_995153
650 1 4 _aSanidad animal.
_9102221
700 0 _aAbabouch, Lahsen.
_9133
700 0 _aLovatelli, Alessandro.
_968642
700 1 _aLee, Ronald
_965597
830 0 0 _aDocumento técnico de pesca
_v; 511
_933242
901 _aBK
911 _aen proceso
942 _cLIBRO
949 _a639.2 F3f v.511
_bBC
_cFAO
_d33724002233595
_eFAO1
_gDonaciØn
_h114037
_i111981
_sb
999 _c100322
_d100322